| 000 -LEADER |
| fixed length control field |
00720nam a22001217a 4500 |
| 040 ## - CATALOGING SOURCE |
| Transcribing agency |
RUA |
| 082 ## - DEWEY DECIMAL CLASSIFICATION NUMBER |
| Classification number |
AGR OUC 2009 B470 Or.1 |
| 100 ## - MAIN ENTRY--AUTHOR NAME |
| Personal name |
OUCH CHANRITH; អ៊ុច ច័ន្ទឬទ្ធិ |
| 245 ## - TITLE STATEMENT |
| Title |
Comparison of organic fertilizer on cucumber( cucummis sarivus ) at crops station in riyal university of agriculture, ប្រៀបធៀបជីធម្មជាតិទៅលើដំណាំត្រសក់ នៅក្នុងស្ថានីយ៍ដំណាំ សាកលវិទ្យាល័យភូមិន្ទកសិកម្ម |
| 300 ## - PHYSICAL DESCRIPTION |
| Number of Pages |
xi,40p. |
| Other physical details |
ill. |
| Dimensions |
29cm. |
| 856 ## - ELECTRONIC LOCATION AND ACCESS |
| Uniform Resource Identifier |
https://drive.google.com/file/d/163tThdo0UodLPmagsLksuXZYPNuemO8q/view?usp=sharing |
| 942 ## - ADDED ENTRY ELEMENTS (KOHA) |
| Koha item type |
AGR |
| 952 ## - LOCATION AND ITEM INFORMATION (KOHA) |
| Withdrawn status [LOCAL, KOHA] |
0 |